Statistics for Top 10 Eurovision Countries by Year

Click here to take the quiz!

General Stats

  • This quiz has been taken 129 times
    (33 since last reset)
  • The average score is 56 of 60

Answer Stats

Country% Correct
Finland
100%
Finland
100%
Italy
100%
Italy
100%
Italy
100%
Italy
100%
Italy
100%
Italy
100%
Sweden
100%
Sweden
100%
Sweden
100%
Sweden
100%
Sweden
100%
Switzerland
100%
Switzerland
100%
Switzerland
100%
United Kingdom
100%
Ireland
97%
Israel
97%
Israel
97%
Israel
97%
Netherlands
97%
Norway
97%
Norway
97%
Norway
97%
Portugal
97%
Portugal
97%
Russia
97%
Russia
97%
Ukraine
97%
Ukraine
97%
Ukraine
97%
Ukraine
97%
Croatia
94%
Cyprus
94%
Czechia
94%
Czechia
94%
France
94%
France
94%
Greece
94%
Greece
94%
Spain
94%
Belgium
90%
Austria
87%
Denmark
87%
Armenia
84%
Estonia
84%
Estonia
84%
Iceland
84%
Iceland
84%
Australia
81%
Australia
81%
Germany
81%
Malta
81%
Moldova
81%
Moldova
81%
Serbia
81%
Lithuania
77%
Azerbaijan
71%
North Macedonia
65%

Score Distribution

Percentile by Number Answered

Percent of People with Each Score

Your Score History

You have not taken this quiz since the last reset